NHL 2nd Overall Picks Quiz - Statistics

General Stats
  • This quiz has been taken 743 times
    619 since last reset
  • The average score is 14 of 56
Answer Stats
Year Team Player % Correct
2015 Buffalo Sabres Jack Eichel
84%
2016 Winnipeg Jets Patrik Laine
84%
2004 Pittsburgh Penguins Evgeni Malkin
79%
2017 Philadelphia Flyers Nolan Patrick
78%
2018 Carolina Hurricanes Andrei Svechnikov
73%
2013 Florida Panthers Aleksander Barkov
72%
2011 Colorado Avalanche Gabriel Landeskog
65%
2014 Buffalo Sabres Sam Reinhart
64%
2009 Tampa Bay Lightning Victor Hedman
64%
2010 Boston Bruins Tyler Seguin
63%
2008 Los Angeles Kings Drew Doughty
62%
2003 Carolina Hurricanes Eric Staal
54%
2006 Pittsburgh Penguins Jordan Staal
54%
1999 Vancouver Canucks Daniel Sedin
53%
2005 Mighty Ducks of Anaheim Bobby Ryan
45%
2012 Columbus Blue Jackes Ryan Murray
45%
1997 San Jose Sharks Patrick Marleau
42%
2000 Atlanta Thrashers Dany Heatley
37%
2007 Philadelphia Flyers James van Riemsdyk
35%
2001 Ottawa Senators Jason Spezza
35%
1993 Hartford Whalers Chris Pronger
24%
1998 Nashville Predators David Legwand
22%
1992 Ottawa Senators Alexei Yashin
18%
2002 Atlanta Thrashers Kari Lehtonen
18%
1988 Vancouver Canucks Trevor Linden
15%
1995 New York Islanders Wade Redden
13%
1971 Detroit Red Wings Marcel Dionne
12%
1987 New Jersey Devils Brendan Shanahan
11%
1981 Los Angeles Kings Doug Smith
10%
1991 San Jose Sharks Pat Falloon
10%
1972 Atlanta Flames Jacques Richard
8%
1983 Hartford Whalers Sylvain Turgeon
6%
1984 New Jersey Devils Kirk Muller
5%
1982 Minnesota North Stars Brian Bellows
4%
1980 Winnipeg Jets Dave Babych
4%
1990 Vancouver Canucks Petr Nedved
4%
1970 Vancouver Canucks Dale Tallon
3%
1986 Los Angeles Kings Jimmy Carson
3%
1994 Mighty Ducks of Anaheim Oleg Tverdovsky
3%
1974 Kansas City Scouts Wilf Paiement
3%
1996 San Jose Sharks Andrei Zyuzin
2%
1977 Colorado Rockies Barry Beck
2%
1985 Pittsburgh Penguins Craig Simpson
2%
1973 Atlanta Flames Tom Lysiak
2%
1966 New York Rangers Brad Park
1%
1989 New York Islanders Dave Chyzowski
1%
1969 Montréal Canadiens Marc Tardif
1%
1979 St. Louis Blues Perry Turnbull
1%
1963 Detroit Red Wings Peter Mahovlich
1%
1978 Washington Capitals Ryan Walter
1%
1964 Boston Bruins Alec Campbell
0%
1965 Chicago Blackhawks Andy Culligan
0%
1975 Kansas City Scouts Barry Dean
0%
1976 Pittsburgh Penguins Blair Chapman
0%
1968 Montréal Canadiens Roger Belisle
0%
1967 Pittsburgh Penguins Steve Rexe
0%
No matching quizzes found
Score Distribution
Percent of People with Each Score
Percentile by Number Answered
Your Score History
You have not taken this quiz since the last reset